[Event "Titled Tue 24th Jun Late"]
[Site "chess.com INT"]
[Date "2025.06.24"]
[Round "11"]
[White "Demchenko, Anton"]
[Black "Kourkoulos-Arditis, Stamatis"]
[Result "0-1"]
[WhiteTitle "GM"]
[BlackTitle "GM"]
[WhiteElo "2619"]
[BlackElo "2580"]
[WhiteFideId "4160258"]
[BlackFideId "4221990"]
[EventDate "2025.06.24"]

1. e4 d6 2. d4 Nf6 3. Nc3 e5 4. dxe5 dxe5 5. Qxd8+ Kxd8 6. Nf3 Bd6 7. Bc4 Ke7 8.
Bg5 c6 9. a3 Nd7 10. Nh4 Nb6 11. Ba2 h6 12. Be3 Ng4 13. Bd2 g6 14. h3 Nf6 15.
Nf3 Be6 16. Bxe6 Kxe6 17. Ke2 Nc4 18. Bc1 b5 19. b3 Nb6 20. Nd2 a5 21. Nd1 a4
22. Bb2 Nfd7 23. f4 Rhd8 24. f5+ gxf5 25. exf5+ Kxf5 26. Ne3+ Ke6 27. Rhf1 Bc5
28. Nf5 Bf8 29. Ne4 Nc5 30. Nxc5+ Bxc5 31. Nxh6 Ra7 32. Ng4 Nd7 33. b4 Bb6 34.
Rad1 f5 35. Nxe5 Nxe5 36. Rxd8 Bxd8 37. Re1 Nc4 38. Bc1 Bf6 39. Kf3+ Kf7 40. Kf4
Kg6 41. Kf3 Re7 42. Rd1 Re4 43. Rd7 Rd4 44. Rc7 Rd1 45. Bf4 Rf1+ 46. Kg3 Rxf4
47. Rxc6 Re4 48. Rc5 Re5 49. Rc6 Nxa3 50. h4 Nc4 51. h5+ Kxh5 52. Rxf6 Kg5 53.
Ra6 Re3+ 54. Kf2 Rc3 55. Ra8 Rxc2+ 56. Kf3 Rc3+ 57. Kf2 a3 58. Kg1 Rc2 59. Kh2
a2 60. Kh3 Kf4 61. Kh4 Rxg2 62. Kh5 Rh2+ 63. Kg6 Rb2 64. Kf6 Nb6 65. Ke6 Nxa8
66. Kd5 a1=Q 67. Kc6 Qa6+ 68. Kd7 Rd2+ 0-1

[Event "Titled Tue 24th Jun Late"]
[Site "chess.com INT"]
[Date "2025.06.24"]
[Round "11"]
[White "Jasinski, Alexander"]
[Black "Miljkovic, Miroslav D"]
[Result "1-0"]
[BlackTitle "GM"]
[WhiteElo "1989"]
[BlackElo "2420"]
[WhiteFideId "55627994"]
[BlackFideId "922722"]
[EventDate "2025.06.24"]

1. e4 e5 2. Nf3 Nc6 3. Bb5 a6 4. Ba4 d6 5. O-O Bd7 6. d3 g6 7. Nc3 Bg7 8. Be3 h6
9. Bxc6 Bxc6 10. d4 Ne7 11. Qd2 Bd7 12. h3 Qc8 13. Kh2 g5 14. Rad1 Ng6 15. Nd5
g4 16. hxg4 Bxg4 17. Rg1 Qd8 18. Rh1 c6 19. Nc3 Qe7 20. Kg1 O-O-O 21. d5 c5 22.
b4 Bxf3 23. gxf3 Nf4 24. Bxf4 exf4 25. bxc5 dxc5 26. Ne2 Be5 27. Kf1 Qf6 28. Qa5
Qd6 29. Rb1 f6 30. Qb6 Qc7 31. Qxc7+ Kxc7 32. Rh4 b5 33. Nxf4 Kb6 34. Ng6 Rh7
35. Nxe5 fxe5 36. Rh5 Re8 37. Ke2 c4 38. Rbh1 Kc5 39. Rxh6 Rxh6 40. Rxh6 a5 41.
c3 b4 42. Kd2 Rf8 43. Rh3 Rb8 44. Rh7 bxc3+ 45. Kxc3 Rb1 46. Rc7+ Kd6 47. Rxc4
Rf1 48. Rc6+ Kd7 49. Ra6 Rxf2 50. Rxa5 Rxf3+ 51. Kc4 Re3 52. Kc5 Rxe4 53. Ra7+
Kc8 54. Kd6 Rd4 55. Kxe5 Rd2 56. Kd6 Kb8 57. Ra4 Kb7 58. Rb4+ Kc8 59. a4 Rd1 60.
a5 Ra1 61. Rb5 Rd1 62. Kc6 Rc1+ 63. Rc5 Ra1 64. d6 Kd8 65. Kb6 Rb1+ 66. Kc6 Ra1
67. Rb5 Rc1+ 68. Kd5 Kd7 69. Rb7+ Kc8 70. a6 Rd1+ 71. Kc5 Rc1+ 72. Kb6 Rb1+ 73.
Ka7 Rd1 74. d7+ Kd8 75. Kb8 1-0

[Event "Titled Tue 24th Jun Late"]
[Site "chess.com INT"]
[Date "2025.06.24"]
[Round "11"]
[White "Tan, Zhongyi"]
[Black "Ibarra Jerez, Jose Carlos"]
[Result "1/2-1/2"]
[WhiteTitle "GM"]
[BlackTitle "GM"]
[WhiteElo "2546"]
[BlackElo "2545"]
[WhiteFideId "8603642"]
[BlackFideId "2226332"]
[EventDate "2025.06.24"]

1. e4 c5 2. Nf3 Nc6 3. Bb5 e6 4. O-O Nd4 5. Nxd4 cxd4 6. Re1 a6 7. Bf1 Bc5 8. c3
Ne7 9. b4 Ba7 10. Bb2 Nc6 11. a4 Qf6 12. Qe2 d3 13. Qf3 Qxf3 14. gxf3 Ne5 15.
Kg2 O-O 16. Na3 f5 17. c4 Ng6 18. e5 Nf4+ 19. Kg1 a5 20. Nb5 axb4 21. Nxa7 Rxa7
22. Bd4 Ra6 23. Be3 g5 24. h4 h6 25. Bxf4 gxf4 26. Bxd3 Ra5 27. Bc2 b6 28. Rab1
Bb7 29. Rxb4 Bxf3 30. Rxb6 Rf7 31. Kh2 Rg7 32. Bd1 Rg2+ 33. Kh3 Rxf2 34. Bxf3
Rxf3+ 35. Kg2 Rd3 36. Rd6 Rxd6 37. exd6 Rxa4 38. Rc1 Ra2 39. Kf3 Rxd2 40. Kxf4
Kf7 41. c5 Rd3 42. Ke5 Rd5+ 43. Kf4 Kf6 44. Ke3 e5 45. Rc4 Ke6 46. Kf3 Rd3+ 47.
Ke2 Rh3 48. Ra4 Rc3 49. Ra5 f4 50. Kd2 Rc4 51. Kd3 Rd4+ 52. Ke2 e4 53. Ra8 Rd5
54. Re8+ Kf5 55. Re7 Rxc5 56. Rxd7 Rd5 57. Rd8 f3+ 58. Ke3 Rd3+ 59. Kf2 Rd2+ 60.
Kg3 Rg2+ 61. Kh3 Rg7 62. d7 Ke6 63. Re8+ Kxd7 64. Rxe4 Rf7 65. Re1 Kd6 66. Kg3
Kd5 67. Kf2 Kd4 68. Re3 Rf4 69. Rxf3 Rxh4 70. Kg3 Rh5 71. Rf4+ Ke5 72. Rf8 Rg5+
73. Kh4 Ke6 74. Rh8 Rg1 75. Rxh6+ Kf5 76. Ra6 Rh1+ 77. Kg3 Rg1+ 78. Kf2 Rg6 79.
Rxg6 Kxg6 1/2-1/2

[Event "Titled Tue 24th Jun Late"]
[Site "chess.com INT"]
[Date "2025.06.24"]
[Round "11"]
[White "Mishra, Abhimanyu"]
[Black "Sanal, Vahap"]
[Result "1-0"]
[WhiteTitle "GM"]
[BlackTitle "GM"]
[WhiteElo "2611"]
[BlackElo "2564"]
[WhiteFideId "30920019"]
[BlackFideId "6300545"]
[EventDate "2025.06.24"]

1. e4 e5 2. Nf3 Nc6 3. Bc4 Bc5 4. c3 Nf6 5. d3 h6 6. O-O d6 7. Re1 O-O 8. Nbd2
a6 9. a4 Re8 10. h3 Be6 11. Bxe6 Rxe6 12. b4 Ba7 13. g3 Nh5 14. Nf1 Rg6 15. Kh2
Bxf2 16. g4 Bxe1 17. Qxe1 Nf4 18. Bxf4 exf4 19. d4 h5 20. g5 Rxg5 21. Nxg5 Qxg5
22. Ra2 Re8 23. Rg2 Qf6 24. Nd2 Ne7 25. Re2 Ng6 26. Nf3 c6 27. a5 Qe6 28. Qd2 d5
29. e5 Qf5 30. Rg2 Qe4 31. Ng5 Qe3 32. Qc2 f3 33. Qf5 Qf4+ 34. Qxf4 Nxf4 35. Rf2
Ne6 36. Nxf3 Rf8 37. Nh4 g6 38. Rf6 Re8 39. Kg3 Ng5 40. Kg2 Ne4 41. Rf3 Kg7 42.
Kh2 f6 43. exf6+ Nxf6 44. Rg3 Re2+ 45. Kg1 Ne4 46. Rxg6+ Kf7 47. Rh6 Nxc3 48.
Rxh5 Nb5 49. Rh7+ Kf6 50. Nf3 Rb2 51. Rxb7 Kf5 52. Rb6 Kf4 53. Ne1 Kg3 54. Rb8
Nxd4 55. Rg8+ Kh4 56. Rg4+ Kxh3 57. Rxd4 Kg3 58. Kf1 Rb1 59. Ke2 Rb2+ 60. Ke3
Rb3+ 61. Nd3 Ra3 62. Kd2 Rb3 63. Kc2 Ra3 64. Kb2 Ra4 65. Rf4 c5 66. Nxc5 Rxa5
67. Rd4 Rb5 68. Nb3 Kf3 69. Kc3 Ke3 70. Rd3+ Ke4 71. Nd2+ Ke5 72. Nf3+ Kd6 73.
Nd4 Rb6 74. Rh3 Ke5 75. Re3+ Kf4 76. Re6 Rxe6 77. Nxe6+ Ke3 78. Nd4 Ke4 79. Nb3
Ke3 80. Nc5 d4+ 81. Kc4 1-0

[Event "Titled Tue 24th Jun Late"]
[Site "chess.com INT"]
[Date "2025.06.24"]
[Round "11"]
[White "Oluka Robert Mcligeyo"]
[Black "Vazelakis, Dimitrios"]
[Result "1-0"]
[WhiteTitle "CM"]
[WhiteElo "2061"]
[BlackElo "1857"]
[WhiteFideId "10814647"]
[BlackFideId "4203674"]
[EventDate "2025.06.24"]

1. e4 Nf6 2. e5 Nd5 3. d4 d6 4. Nf3 dxe5 5. Nxe5 g6 6. Bc4 c6 7. Qf3 Be6 8. Nc3
Bg7 9. Nxd5 Bxd5 10. Bxd5 Qxd5 11. Qxd5 cxd5 12. O-O O-O 13. c3 Rc8 14. Bf4 Nc6
15. Nxc6 Rxc6 16. Rfe1 e6 17. Kf1 b5 18. a3 a5 19. Ke2 Bf8 20. Kd3 Rca6 21. Bd2
Bd6 22. f4 Kf8 23. g4 Ke7 24. h4 Rb8 25. f5 gxf5 26. gxf5 Rg8 27. fxe6 fxe6 28.
Bg5+ Kd7 29. Rf1 Rf8 30. Rxf8 Bxf8 31. Rf1 Ke8 32. Rf6 b4 33. axb4 axb4 34. Bf4
bxc3 35. bxc3 Ra1 36. Rxe6+ Kf7 37. Re5 Rh1 38. Bg5 h6 39. Bd8 Rd1+ 40. Kc2 Rg1
41. Rxd5 Ke6 42. Re5+ Kd7 43. Bb6 Rg4 44. h5 Be7 45. Bc5 Bg5 46. Rd5+ Kc7 47.
Rf5 Rh4 48. Rf7+ Kc6 49. Be7 Rxh5 50. Bxg5 hxg5 51. Rg7 Rh2+ 52. Kb3 Rg2 53. c4
g4 54. Rg5 g3 55. Kb4 Rg1 56. d5+ Kd6 57. Rg6+ Ke5 58. Kc5 g2 59. d6 Kf5 60. Rg8
Ke6 61. Rg6+ Kd7 62. Rg7+ Ke6 63. Re7+ Kf6 64. Re2 Kf7 65. Kc6 Rc1 66. Rxg2
Rxc4+ 67. Kd7 Rc1 68. Rf2+ Kg8 69. Kd8 Kg7 70. d7 Kg8 71. Rf4 Kg7 72. Ke7 Re1+
73. Kd6 Rd1+ 74. Kc6 Rc1+ 75. Kd5 Rd1+ 76. Rd4 Rxd4+ 77. Kxd4 1-0

[Event "Titled Tue 24th Jun Late"]
[Site "chess.com INT"]
[Date "2025.06.24"]
[Round "11"]
[White "Bucci, Andrea"]
[Black "Cardenas Carbajal, Nilson"]
[Result "1/2-1/2"]
[BlackTitle "CM"]
[WhiteElo "1526"]
[BlackElo "2041"]
[WhiteFideId "28546890"]
[BlackFideId "8401128"]
[EventDate "2025.06.24"]

1. e4 e5 2. Nf3 Nc6 3. Bc4 Nf6 4. d3 Bc5 5. O-O d6 6. c3 a5 7. Nbd2 Ba7 8. Bb5
O-O 9. Qe2 Nh5 10. Nc4 h6 11. Bxc6 bxc6 12. Nfxe5 Qh4 13. Nf3 Qf6 14. Be3 Bg4
15. Bxa7 Rxa7 16. Ne3 Nf4 17. Qd1 Nh3+ 18. Kh1 Bh5 19. Qe2 Nf4 20. Qd1 Rb7 21.
Rb1 Rb5 22. h3 Nxh3 23. c4 Rg5 24. Nxg5 Bxd1 25. Nxh3 Bh5 26. g4 Bxg4 27. Nxg4
Qf3+ 28. Kh2 Qxg4 29. Rg1 Qe2 30. Rg3 f5 31. Rbg1 g5 32. exf5 Rxf5 33. R1g2 Qxb2
34. f4 Qd4 35. fxg5 hxg5 36. Nxg5 Rxg5 37. Rxg5+ Kf7 38. R5g3 a4 39. Rf3+ Ke6
40. Rg6+ Ke7 41. Rg2 Qh4+ 42. Kg1 c5 43. Re2+ Kd7 44. Ref2 Kc6 45. Kf1 Kb6 46.
Rb2+ Kc6 47. Rbf2 Qd4 48. Ke2 Qe5+ 49. Re3 Qb2+ 50. Kf3 Qc1 51. Rfe2 Qd1 52. Kf2
a3 53. Re1 Qd2+ 54. R1e2 Qc1 55. Re1 Qb2+ 56. R1e2 Qd4 57. Kf3 d5 58. cxd5+ Kxd5
59. Kf2 Kd6 60. Kf3 Kd5 61. Kf2 Kc6 62. Kf3 Kb5 63. Kf2 c6 64. Ke1 c4 65. dxc4+
Qxc4 66. Re5+ Kb6 67. R5e3 c5 68. Rb3+ Kc6 69. Ree3 Qc1+ 70. Ke2 Qc2+ 71. Kf3
Qxa2 72. Rxa3 Qb1 73. Rab3 Qc2 74. Rbc3 Qf5+ 75. Ke2 Kb5 76. Rb3+ Kc4 77. Rbc3+
Kd5 78. Rcd3+ Kc6 79. Rc3 Qg4+ 80. Kd2 c4 81. Kc2 Kc5 82. Re5+ Kd6 83. Ree3 Qg2+
84. Kd1 Qf1+ 85. Kd2 Qf2+ 86. Re2 Qf4+ 87. Kc2 Kc5 88. Ree3 Qf5+ 89. Kd2 Qf2+
90. Re2 Qf4+ 91. Ree3 Kd4 92. Ke2 Qg4+ 93. Kd2 Qg2+ 94. Kc1 Qg1+ 95. Kd2 Qf2+
96. Kc1 Qxe3+ 97. Rxe3 Kxe3 98. Kc2 Kd4 99. Kd2 c3+ 100. Kc2 Kc4 101. Kc1 Kd3
102. Kd1 c2+ 103. Kc1 Kc3 1/2-1/2

[Event "Titled Tue 24th Jun Late"]
[Site "chess.com INT"]
[Date "2025.06.24"]
[Round "11"]
[White "Skatchkov, Pavel"]
[Black "Ragger, Markus"]
[Result "1/2-1/2"]
[WhiteTitle "GM"]
[BlackTitle "GM"]
[WhiteElo "2457"]
[BlackElo "2566"]
[WhiteFideId "4121848"]
[BlackFideId "1610856"]
[EventDate "2025.06.24"]

1. d4 Nf6 2. c4 g6 3. Nc3 d5 4. Nf3 Bg7 5. Bg5 Ne4 6. Bf4 O-O 7. e3 c5 8. cxd5
Bf5 9. Bd3 Nxc3 10. bxc3 Qxd5 11. O-O cxd4 12. cxd4 Nc6 13. Rb1 Bxd3 14. Qxd3
Rac8 15. e4 Qxa2 16. Rxb7 Nxd4 17. Nxd4 e5 18. Nf5 exf4 19. Nxg7 Kxg7 20. Qd4+
Kg8 21. Rxa7 Qc4 22. Qe5 Rfe8 23. Qxf4 Rxe4 24. Qd2 Rce8 25. g3 h5 26. h4 Qe6
27. Ra3 Qe7 28. Rf3 Re2 29. Qf4 Re4 30. Qf6 Qxf6 31. Rxf6 Kg7 32. Rf3 R8e7 33.
Kg2 R4e6 34. Rd1 Rf6 35. Rxf6 Kxf6 36. Rd4 Re5 37. Rd6+ Re6 38. Rd4 Ke5 39. Rf4
Rf6 40. Ra4 Rd6 41. Ra7 Kf6 42. Ra4 Re6 43. Kf3 Re5 44. Rf4+ Kg7 45. Rb4 Rc5 46.
Ra4 Rb5 47. Kg2 Rb3 48. f3 Rb5 49. g4 Rc5 50. Kg3 Rd5 51. Re4 Rc5 52. Kf4 Rb5
53. Ra4 Rc5 54. Re4 Rd5 55. Re5 Rd4+ 56. Ke3 Ra4 57. gxh5 Rxh4 58. hxg6 Kxg6 59.
Ra5 Rh5 60. Ra6+ f6 61. Kf4 Rb5 62. Ra8 Rb4+ 63. Kg3 Rb5 64. Kg4 Rb4+ 65. Kg3
Rb5 66. Rg8+ Kf5 67. Rh8 Rb4 68. Rh5+ Kg6 69. Rc5 Ra4 70. f4 Rb4 71. Kg4 Ra4 72.
Rb5 Rc4 73. Rb8 f5+ 74. Kg3 Ra4 75. Rb6+ Kf7 76. Rh6 Kg7 77. Rc6 Kf7 78. Rb6 Kg7
79. Rb3 Kg6 80. Rb8 Kg7 81. Rb2 Kg6 82. Rf2 Ra3+ 83. Kh4 Ra4 84. Rg2+ Kf6 85.
Rf2 Ra1 86. Rb2 Rh1+ 87. Kg3 Rg1+ 88. Kf3 Rf1+ 89. Ke3 Re1+ 90. Kf2 Re4 91. Rb6+
Re6 92. Rb8 Re4 93. Kg3 Ra4 94. Rb6+ Kf7 95. Rd6 Kg7 96. Re6 Kf7 97. Re5 Kf6 98.
Rc5 Kg6 99. Rc6+ Kf7 100. Rb6 Kg7 101. Kh4 Rxf4+ 102. Kg5 Ra4 103. Rb7+ Kf8 104.
Kf6 Ke8 105. Rb8+ Kd7 106. Kxf5 Kc6 107. Rc8+ Kb7 108. Rc1 Kb6 109. Ke5 Rb4 1/2-1/2

[Event "Titled Tue 24th Jun Late"]
[Site "chess.com INT"]
[Date "2025.06.24"]
[Round "11"]
[White "Zieba, Hubert"]
[Black "Adewumi, Tanitoluwa"]
[Result "1/2-1/2"]
[WhiteTitle "CM"]
[BlackTitle "FM"]
[WhiteElo "2233"]
[BlackElo "2362"]
[WhiteFideId "21844704"]
[BlackFideId "30966396"]
[EventDate "2025.06.24"]

1. d4 c5 2. d5 Na6 3. c4 e5 4. Nc3 d6 5. g3 Be7 6. Bg2 Bg5 7. e3 h5 8. h4 Bh6 9.
Nge2 g6 10. O-O f5 11. e4 Bxc1 12. Nxc1 g5 13. hxg5 Qxg5 14. f4 Qxg3 15. fxe5 h4
16. Qf3 Qg7 17. exf5 h3 18. f6 Qxg2+ 19. Qxg2 hxg2 20. f7+ Kf8 21. fxg8=Q+ Kxg8
22. Kxg2 Bh3+ 23. Kg1 Bxf1 24. Kxf1 dxe5 25. Ke2 Rh2+ 26. Ke3 Nb4 27. Ke4 Rf8
28. Nb3 Rf4+ 29. Kxe5 Nd3+ 30. Kd6 Rh6+ 31. Kc7 Rf7+ 32. Kb8 Rh8 33. Kxa7 b5+
34. Kb6 Rh6+ 35. Kxb5 Rb7+ 36. Ka5 Ra7+ 37. Kb5 Rb7+ 38. Ka5 Nxb2 39. Rg1+ Kf8
40. Rf1+ Ke8 41. Rf4 Ra7+ 42. Kb5 Rb7+ 43. Ka5 Rhb6 44. Nxc5 Rb8 45. Nb5 Nxc4+
46. Rxc4 Rxb5+ 47. Ka4 Rb2 48. Ka3 R2b5 49. d6 Ra8+ 50. Ra4 Rxa4+ 51. Nxa4 Kd7
52. Nc3 Re5 53. Kb4 Kxd6 54. a4 Rh5 55. Nb5+ Kc6 56. Na3 Rh4+ 57. Kb3 Kc5 58.
Nb1 Rb4+ 59. Kc2 Rxa4 60. Nc3 Rh4 61. Kd3 Rh3+ 62. Kd2 Kc4 63. Ne2 Rf3 64. Kc2
Rd3 65. Nc1 Rd8 66. Ne2 Rd7 67. Nc1 Kd4 68. Kd2 Ra7 69. Nb3+ Kc4 70. Nc1 Re7 71.
Ne2 Rd7+ 72. Ke3 Re7+ 73. Kf3 Kd3 74. Nf4+ Kd4 75. Ne2+ Ke5 76. Ke3 Rd7 77. Nf4
Rd8 78. Nd3+ Kf5 79. Nf4 Rd6 80. Nd3 Re6+ 81. Kd2 Rc6 82. Ke3 Rc4 83. Nf2 Rf4
84. Nd3 Re4+ 85. Kd2 Rd4 86. Kc3 Rd8 87. Nc5 Ke5 88. Kc4 Rd1 89. Nd3+ Kd6 90.
Kd4 Ra1 91. Ke4 Ra4+ 92. Ke3 Kd5 93. Nf4+ Kc4 94. Ne2 Ra5 95. Ke4 Ra6 96. Nd4
Rd6 97. Nf5 Re6+ 98. Kf4 Kd3 99. Ng3 Rf6+ 100. Nf5 Re6 101. Ng3 Kd4 102. Nf5+
Kd5 103. Ne3+ Kd6 104. Nf5+ Kd7 105. Nd4 Re8 106. Nf3 Ke6 107. Nd4+ Kd5 108. Nf3
Rf8+ 109. Ke3 Rf6 1/2-1/2

[Event "Titled Tue 24th Jun Late"]
[Site "chess.com INT"]
[Date "2025.06.24"]
[Round "11"]
[White "Maghsoodloo, Parham"]
[Black "Caruana, Fabiano"]
[Result "1/2-1/2"]
[WhiteTitle "GM"]
[BlackTitle "GM"]
[WhiteElo "2691"]
[BlackElo "2777"]
[WhiteFideId "12539929"]
[BlackFideId "2020009"]
[EventDate "2025.06.24"]

1. c4 e5 2. Nc3 Bb4 3. Nf3 Bxc3 4. dxc3 d6 5. c5 Nf6 6. cxd6 cxd6 7. g3 h6 8.
Bg2 Nc6 9. O-O O-O 10. b4 Be6 11. a4 Qd7 12. Ba3 Rfd8 13. Nd2 Rac8 14. Rc1 d5
15. b5 Na5 16. Bb4 Nc4 17. Nxc4 Rxc4 18. e3 Bh3 19. Bxh3 Qxh3 20. f3 Qe6 21. Qe2
a6 22. bxa6 bxa6 23. Rfd1 Rdc8 24. Rb1 h5 25. a5 h4 26. g4 h3 27. Qf1 e4 28. g5
Nd7 29. f4 Qf5 30. Rd2 Nc5 31. Bxc5 R4xc5 32. Rbd1 Rxa5 33. Qe2 Rxc3 34. Kf2 g6
35. Rd4 Rac5 36. R1d2 a5 37. Qd1 Rd3 38. R2xd3 exd3 39. Rxd3 Qe4 40. Kg3 Qg2+
41. Kh4 Qxh2 42. Rd2 Qg2 43. Rxg2 hxg2 44. Kg3 Rc3 45. Kxg2 Rxe3 46. Qxd5 a4 47.
Qa8+ Kg7 48. Qxa4 Re6 49. Kf3 Kg8 50. Kg4 Kg7 51. Qd4+ Kg8 52. Qd5 Kg7 53. Qd8
Re1 54. Qd4+ Kg8 55. Qc4 Re6 56. Qc8+ Kg7 57. Qd8 Re4 58. Qb8 Re6 59. Qc8 Re4
60. Kf3 Re6 61. Kg2 Re4 62. Kg3 Re6 63. Kf3 Re7 64. Qc3+ Kg8 65. Kg4 Re8 66. Qd4
Re6 67. f5 gxf5+ 68. Kxf5 Rg6 69. Qd8+ Kg7 70. Qd4+ Kg8 71. Qc3 Re6 72. Kg4 Rg6
73. Kh5 Re6 74. Qd4 Rg6 75. Qd8+ Kg7 76. Qd5 Kg8 77. Qe4 Kg7 78. Qf5 Re6 79. Qc2
Kg8 80. Qc3 Rg6 81. Kg4 Re6 82. Kf5 Rg6 83. Qe5 Ra6 84. Qb8+ Kg7 85. Qd8 Re6 86.
Qd4+ Kg8 87. Qd5 Rg6 88. Qd7 Kg7 89. Kg4 Re6 90. Kh5 Kg8 91. Qd3 Kg7 92. Qf5 Kg8
93. Qc2 Kg7 94. Qb1 Kg8 95. Qb8+ Kg7 96. Qf4 Kg8 97. Kg4 Kg7 98. Kf5 Kg8 99. Qh2
Kg7 100. Qh5 Kg8 101. Qd1 Kg7 102. Qd8 Rg6 103. Ke5 Re6+ 104. Kd5 Rg6 105. Qe7
Re6 106. Qb4 Rg6 107. Qd4+ Kg8 108. Qe5 Ra6 109. Qe8+ Kg7 110. Qe5+ Kg8 111.
Qb8+ Kg7 112. Qc8 Ra5+ 113. Ke4 Rxg5 114. Qc3+ Kg8 115. Qc8+ Kg7 116. Kf4 Rg6
117. Qc3+ Kg8 118. Kf5 Re6 119. Qc8+ Kg7 120. Qd8 Rg6 121. Qd4+ Kg8 122. Qe5 Re6
123. Qb8+ Kg7 124. Qd8 Rg6 125. Qd3 Kg8 126. Ke5 Re6+ 127. Kd5 Rg6 128. Qf5 Kg7
129. Qe5+ Kg8 130. Kd4 Re6 131. Qb8+ Kg7 132. Qg3+ Rg6 133. Qe5+ Kg8 134. Qf5
Kg7 135. Ke5 Re6+ 136. Kd5 Rg6 137. Qe5+ Kg8 138. Qe7 Kg7 139. Qd7 Kg8 140. Ke5
Kg7 141. Kf5 Kg8 142. Qd4 Re6 143. Qc3 Rg6 144. Qa1 Re6 145. Kg5 Rg6+ 146. Kh5
Re6 147. Qb1 Rg6 148. Qf5 Kg7 149. Qe4 Rh6+ 150. Kg5 Rg6+ 151. Kh5 Rh6+ 152. Kg5
Rg6+ 153. Kh5 1/2-1/2